[Event "Regionalliga NW 1415"]
[Site "Bayern"]
[Date "2014.12.07"]
[Round "4.7"]
[White "Mutzbauer, Otto"]
[Black "Fleckenstein, Werner"]
[Result "1-0"]
[WhiteElo "1618"]
[BlackElo "1888"]
[PlyCount "71"]
[EventDate "2014.10.19"]
[EventType "team-tourn"]
[EventRounds "9"]
[EventCountry "GER"]
[SourceTitle "EXT 2018"]
[Source "ChessBase"]
[SourceDate "2017.10.13"]
[SourceVersion "1"]
[SourceVersionDate "2017.10.13"]
[SourceQuality "1"]
[WhiteTeam "Prichsenstadt"]
[BlackTeam "Mainaschaff"]
[WhiteTeamCountry "GER"]
[BlackTeamCountry "GER"]

1. c4 e6 2. g3 d5 3. cxd5 exd5 4. Bg2 c6 5. d4 f5 6. Nf3 Nd7 7. 0-0 Bd6 8. Qc2 g6 9. Bg5 Ngf6 10. a3 a5 11. Nbd2 0-0 12. Rfe1 Kg7 13. Nh4 h6 14. Bxf6+ Qxf6 15. Nb3 a4 16. Nc5 Nxc5 17. dxc5 Be5 18. Rab1 f4 19. e4 fxe3 20. Rxe3 Bf5 21. Nxf5+ gxf5 22. Rbe1 Bxb2 23. Re6 Qc3 24. Qe2 Rf6 25. Re7+ Kg6 26. Bf3 h5 27. Bxh5+ Kh6 28. Bf7 Kg7 29. Qh5 Qxe1+ 30. Rxe1 Rxf7 31. Re6 Rh8 32. Rg6+ Kf8 33. Qd1 Re7 34. Qc2 Bd4 35. Qxf5+ Ke8 36. Rg4 1-0

[Event "Unterfranken-ch HT 61th"]
[Site "Kitzingen"]
[Date "2010.04.10"]
[Round "9"]
[White "Mutzbauer, Otto"]
[Black "Werner, Stefan1111"]
[Result "1/2-1/2"]
[WhiteElo "1492"]
[BlackElo "1543"]
[PlyCount "102"]
[EventDate "2010.04.05"]
[EventType "swiss"]
[EventRounds "9"]
[EventCountry "GER"]
[SourceTitle "EXT 2015"]
[Source "ChessBase"]
[SourceDate "2014.11.20"]
[SourceVersion "1"]
[SourceVersionDate "2014.11.20"]
[SourceQuality "1"]

1. c4 Nf6 2. d4 g6 3. Nc3 d6 4. Nf3 Bg7 5. e3 0-0 6. h3 c6 7. Be2 Nbd7 8. 0-0 b6 9. Qc2 Bb7 10. a3 e5 11. Rd1 Qc7 12. dxe5 dxe5 13. e4 h6 14. Be3 Kh7 15. Rac1 Nc5 16. Bxc5 bxc5 17. Rd2 Rad8 18. Rcd1 Rxd2 19. Rxd2 Nh5 20. g3 Bc8 21. Kg2 f5 22. Nh4 f4 23. Bxh5 gxh5 24. Nf5 Be6 25. Na4 Qf7 26. Nxc5 Bxf5 27. exf5 Qxf5 28. Qxf5+ Rxf5 29. Rd7 f3+ 30. Kf1 Kg6 31. Rxa7 Bf8 32. Ne4 h4 33. Rc7 hxg3 34. fxg3 c5 35. Nxc5 Bxc5 36. Rxc5 h5 37. Rc6+ Kg5 38. h4+ Kg4 39. Kf2 Rf7 40. c5 e4 41. Rg6+ Kf5 42. Rg5+ Kf6 43. Rd5 Ke6 44. Rd1 Ke5 45. b4 Ra7 46. Ra1 Rd7 47. Ra2 Rd1 48. c6 Rh1 49. Ke3 Re1+ 50. Kf2 Rh1 51. Ke3 Re1+ 1/2-1/2

[Event "Unterfranken-ch HT 61th"]
[Site "Kitzingen"]
[Date "2010.04.09"]
[Round "8"]
[White "Weikert, Benedikt"]
[Black "Mutzbauer, Otto"]
[Result "1/2-1/2"]
[WhiteElo "1570"]
[BlackElo "1492"]
[PlyCount "46"]
[EventDate "2010.04.05"]
[EventType "swiss"]
[EventRounds "9"]
[EventCountry "GER"]
[SourceTitle "EXT 2015"]
[Source "ChessBase"]
[SourceDate "2014.11.20"]
[SourceVersion "1"]
[SourceVersionDate "2014.11.20"]
[SourceQuality "1"]

1. d4 d5 2. c4 e6 3. Nc3 c5 4. cxd5 cxd4 5. Qxd4 Nc6 6. Qd1 exd5 7. Qxd5 Be6 8. Qb5 Qd7 9. Bd2 Rd8 10. Nf3 Bg4 11. Bg5 Nb4 12. Qxd7+ Rxd7 13. Rc1 Be7 14. Bxe7 Rxe7 15. e3 Nf6 16. Bb5+ Bd7 17. 0-0 0-0 18. Bxd7 Rxd7 19. Rfd1 Rfd8 20. Rxd7 Rxd7 21. h3 h6 22. Nd4 a6 23. a3 Nbd5 1/2-1/2